La militarización de la seguridad pública en Brasil /

Salvato in:
Dettagli Bibliografici
Autore principale: Zaverucha, Jorge
Natura: testo
Soggetti:
Tags: Aggiungi Tag
Nessun Tag, puoi essere il primo ad aggiungerne!!

MARC

LEADER 00000 a a2200000 04500
001 10899
003
040
100 |a Zaverucha, Jorge  
245 |a La militarización de la seguridad pública en Brasil /  |c Jorge Zaverucha 
650 |a SEGURIDAD PUBLICA  
650 |a MILITARISMO  
650 |a DEMOCRACIA  
650 |a POLICIA  
650 |a BRASIL  
773 |g número 213; páginas 128-146  
999 |c 26027  |d 26027